<?xml version="1.0" encoding="UTF-8"?><?xml-stylesheet type="text/xsl" href="static/style.xsl"?><OAI-PMH xmlns="http://www.openarchives.org/OAI/2.0/" xmlns:xsi="http://www.w3.org/2001/XMLSchema-instance" xsi:schemaLocation="http://www.openarchives.org/OAI/2.0/ http://www.openarchives.org/OAI/2.0/OAI-PMH.xsd"><responseDate>2026-04-17T05:20:46Z</responseDate><request verb="GetRecord" identifier="oai:www.recercat.cat:2117/389295" metadataPrefix="marc">https://recercat.cat/oai/request</request><GetRecord><record><header><identifier>oai:recercat.cat:2117/389295</identifier><datestamp>2025-07-22T15:48:40Z</datestamp><setSpec>com_2072_1033</setSpec><setSpec>col_2072_452951</setSpec></header><metadata><record xmlns="http://www.loc.gov/MARC21/slim" xmlns:dcterms="http://purl.org/dc/terms/" xmlns:xsi="http://www.w3.org/2001/XMLSchema-instance" xmlns:doc="http://www.lyncode.com/xoai" xsi:schemaLocation="http://www.loc.gov/MARC21/slim http://www.loc.gov/standards/marcxml/schema/MARC21slim.xsd">
   <leader>00925njm 22002777a 4500</leader>
   <datafield ind2=" " ind1=" " tag="042">
      <subfield code="a">dc</subfield>
   </datafield>
   <datafield ind2=" " ind1=" " tag="720">
      <subfield code="a">Gassó Riba, Baldiri</subfield>
      <subfield code="e">author</subfield>
   </datafield>
   <datafield ind2=" " ind1=" " tag="260">
      <subfield code="c">2023-05-22</subfield>
   </datafield>
   <datafield ind2=" " ind1=" " tag="520">
      <subfield code="a">La ràpida expansió dels vehicles elèctrics està fomentant el desenvolupament de noves &#xd;
tecnologies per a bateries d’automòbils. La tecnologia de bateria més popular i potent del &#xd;
moment són les bateries de liti, que per les seves característiques ha de treballar en unes &#xd;
condicions específiques i cal un sistema electrònic per assegurar aquestes condicions. En &#xd;
aquest treball s’exposa el disseny d’un sistema per al monitoratge de bateries per a una &#xd;
motocicleta elèctrica dissenyada i fabricada per l’equip universitari Epowered Racing per &#xd;
poder participar en la competició internacional Motostudent.&#xd;
S’ha realitzat un estudi per poder determinar la millor solució per a la bateria de la &#xd;
motocicleta i posteriorment el procés de disseny partint dels coneixements adquirits en la &#xd;
construcció dels últims tres prototips. El disseny ha partit des de zero, podent així &#xd;
personalitzar tot el sistema de gestió de bateries i adaptant-lo als requisits específics de la &#xd;
bateria.&#xd;
Finalment, s’ha assolit un sistema de gestió de bateries adaptat a les característiques de la &#xd;
motocicleta, tant en l'àmbit elèctric, electrònic i mecànic que permetran obtenir un prototip &#xd;
competitiu per a poder fer front a la competició de Motostudent l'octubre de 2023</subfield>
   </datafield>
   <datafield ind2=" " ind1=" " tag="520">
      <subfield code="a">La rápida expansión de los vehículos eléctricos está fomentando el desarrollo de nuevas &#xd;
tecnologías para baterías de automóviles. La tecnología de batería más popular y potente &#xd;
del momento son las baterías de litio, que por sus características deben trabajar en unas &#xd;
condiciones específicas, y es necesario un sistema electrónico para asegurar estas &#xd;
condiciones. En este trabajo se expone el diseño de un sistema para la monitorización de &#xd;
baterías para una motocicleta eléctrica diseñada y fabricada por el equipo universitario &#xd;
Epowered Racing para poder participar en la competición internacional Motostudent.&#xd;
Se ha realizado un estudio para poder determinar la mejor solución para la batería de la &#xd;
motocicleta y posteriormente el proceso de diseño, partiendo de los conocimientos &#xd;
adquiridos en la construcción de los últimos tres prototipos. El diseño ha partido desde cero, &#xd;
pudiendo así personalizar todo el sistema de gestión de baterías y adaptándolo a los &#xd;
requisitos específicos de la batería.&#xd;
Por último, se ha alcanzado un sistema de gestión de baterías adaptado a las características &#xd;
de la motocicleta, tanto a nivel eléctrico, electrónico y mecánico, que permitirán obtener un &#xd;
prototipo competitivo para poder hacer frente a la competición de Motostudent en octubre &#xd;
de 2023</subfield>
   </datafield>
   <datafield ind2=" " ind1=" " tag="520">
      <subfield code="a">The rapid expansion of electric vehicles is fueling the development of new technologies for &#xd;
car batteries. The most popular and powerful battery technology at the moment are lithium &#xd;
batteries, which due to their characteristics must work under specific conditions, and an &#xd;
electronic system is necessary to ensure these conditions. This paper presents the design of &#xd;
a battery monitoring system for an electric motorcycle designed and manufactured by the &#xd;
Epowered Racing university team to participate in the Motostudent international &#xd;
competition.&#xd;
A study has been carried out to be able to determine the best solution for the motorcycle &#xd;
battery and later the design process, based on the knowledge acquired in the construction &#xd;
of the last three prototypes. The design has started from scratch, thus being able to &#xd;
customize the entire battery management system and adapt it to the specific requirements &#xd;
of the battery.&#xd;
Finally, a battery management system adapted to the characteristics of the motorcycle has &#xd;
been achieved, both electrically, electronically and mechanically, which allows obtaining a &#xd;
competitive prototype to race in the Motostudent competition that will take place in &#xd;
October 2023.</subfield>
   </datafield>
   <datafield tag="653" ind2=" " ind1=" ">
      <subfield code="a">Àrees temàtiques de la UPC::Enginyeria electrònica</subfield>
   </datafield>
   <datafield tag="653" ind2=" " ind1=" ">
      <subfield code="a">Electric vehicles -- Batteries</subfield>
   </datafield>
   <datafield tag="653" ind2=" " ind1=" ">
      <subfield code="a">Electric motorcycles</subfield>
   </datafield>
   <datafield tag="653" ind2=" " ind1=" ">
      <subfield code="a">BMS</subfield>
   </datafield>
   <datafield tag="653" ind2=" " ind1=" ">
      <subfield code="a">vehicle elèctric</subfield>
   </datafield>
   <datafield tag="653" ind2=" " ind1=" ">
      <subfield code="a">bateria de ió de liti</subfield>
   </datafield>
   <datafield tag="653" ind2=" " ind1=" ">
      <subfield code="a">Vehicles elèctrics -- Bateries</subfield>
   </datafield>
   <datafield tag="653" ind2=" " ind1=" ">
      <subfield code="a">Motocicletes de competició</subfield>
   </datafield>
   <datafield tag="653" ind2=" " ind1=" ">
      <subfield code="a">Motocicletes elèctriques</subfield>
   </datafield>
   <datafield ind2="0" ind1="0" tag="245">
      <subfield code="a">Disseny i implementació d'un Sistema de Gestió de Bateries (BMS) per a una motocicleta de competició</subfield>
   </datafield>
</record></metadata></record></GetRecord></OAI-PMH>